000 00431nam a22001817a 4500
003 MPLRDC
005 20220104165136.0
008 210129b ||||| |||| 00| 0 eng d
020 _a967-914-295-7
082 _a524.962 KRIS v.2
100 _aK.N. KRISHNADAS
245 _aKBSM ENGLISH FORM 2
_c
250 _a八版
260 _a
_bFEDERAL PUBLICATIONS
_c1994
300 _b
650 _a
942 _cBK
_o524.962 KRIS v.2
999 _c57327
_d57317